00498 2200205 4500001002100000008004100021035002000062245005900082100001700141250000600158260003300164300001100197084001400208082000800222650001400230990001200244990001200256990001200268990001200280INLIS000000000000505 ind  a0010-0424000481 aAneka Hidangan Kontinental; Hot AppetizercTri Jumiati aJumiati, Tri a1 aKlaten :bIntan Sejatic2015 a76 hlm a600 TRI a a600 aNon Fiksi a0722040 a0722041 a0722042 a0722043